Природные условия Западной Сибири: [сборник статей]
| Další autoři: | |
|---|---|
| Jazyk: | ruština |
| Vydáno: |
Москва, Изд-во Московского ун-та, 1971-
|
| Médium: | MixedMaterials Seriál |
| KOHA link: | https://koha.lib.tpu.ru/cgi-bin/koha/opac-detail.pl?biblionumber=233414 |
MARC
| LEADER | 00000nas1a2200000 4500 | ||
|---|---|---|---|
| 001 | 233414 | ||
| 005 | 20231212132042.0 | ||
| 035 | |a (RuTPU)RU\TPU\book\254492 | ||
| 090 | |a 233414 | ||
| 100 | |a 20130304c1971 k||y0rusy50 ca | ||
| 101 | 0 | |a rus | |
| 102 | |a RU | ||
| 110 | |a zyyz 0yy0 | ||
| 200 | 1 | |a Природные условия Западной Сибири |e [сборник статей] |f под ред. А. И. Попова | |
| 210 | |a Москва |c Изд-во Московского ун-та |d 1971- | ||
| 702 | 1 | |a Попов |b А. И. |g Александр Иосифович |4 340 | |
| 801 | 1 | |a RU |b 63413507 |c 20130304 | |
| 942 | |c CR | ||